000 00327nam a22001457a 4500
020 _a81-8482-494-7
082 _a823
_bPAI/K
100 _aPAI, ANANT
245 _aKOCHUNNI
260 _aMUMBAI
_bAMAR CHITHRA KATHA
300 _a30
520 _aENGLISH SHORT STORIES
650 _aENGLISH SHORT STORIES
_zMUMBAI
942 _cBK
999 _c5228
_d5228